Easier 'C' Images II Quiz Stats

 Plays Quiz Updated Aug 6, 2015

Also try: Easier 'C' Images
Challenge
Share
Tweet
Score 0/20 Timer 02:00
0 Plays Today
% Correct
chocolate cake
99.6%
camera
99.2%
cherries
98.8%
clock
98.7%
clown costume
98.5%
coffee
98.3%
cow
97.9%
chick
97.8%
crown
97.4%
comb
97.4%
% Correct
cereal
96.6%
cabbage
96.3%
cone
96.1%
canoe
96.1%
cast
95.2%
clam
93%
crane
92.8%
carpet
92.5%
corkscrew
91.6%
chipmunk
91.1%

You're not logged in!

Compare scores with friends on all Sporcle quizzes.
Join for Free
OR
Log In

You Might Also Like...

Show Comments

Extras

Top Quizzes Today


Score Distribution

Your Account Isn't Verified!

In order to create a playlist on Sporcle, you need to verify the email address you used during registration. Go to your Sporcle Settings to finish the process.

Report this User

Report this user for behavior that violates our Community Guidelines.

Details: